Pokémon used by Team Flare's Scientists and Leader. - Statistics

General Stats
  • This quiz has been taken 73 times
    65 since last reset
  • The average score is 11 of 18
Answer Stats
Hint Answer % Correct
Lysandre Pyroar
83%
Lysandre, US Xerneas
83%
Lysandre, UM Yveltal
83%
Lysandre Gyarados
81%
Xerosic Crobat
73%
Xerosic Malamar
73%
Mable Houndoom
67%
Celosia Manectric
58%
Lysandre Honchkrow
56%
Bryony Liepard
56%
Lysandre Mienshao
52%
Mable Weavile
52%
Aliana Mightyena
50%
Bryony Bisharp
46%
Lysandre Murkrow
46%
Celosia Drapion
44%
Lysandre Mienfoo
42%
Aliana Druddigon
31%
No matching quizzes found
Score Distribution
Percent of People with Each Score
Percentile by Number Answered
Your Score History
You have not taken this quiz since the last reset